00579nam a2200181Ia 4500008004100000020001500041041001200056082001600068100001800084245005200102250000800154260002500162300000800187650000800195942000700203999001500210952017200225221030s9999 xx 000 0 und d a0074633805 aEnglish a105.23bSka aM. I. Skolnik 0aIntroduction to Radar Systemscby M. I. Skolnik a2nd bTMHaNew Delhic2000 a581 aECE cBK c6573d6573 pBE 1811g250.00l0o105.23 Skar2024-06-13 00:00:00w2022-10-30yBK003Print4070aMIETLIBbMIETLIBcBL-Academic Block- A, FL-1, CUP-10, SH-5, R-5d2000-08-3110HBE